000 00296nam a22001217a 4500
008 171214b xxu||||| |||| 00| 0 eng d
041 _aeng
080 _a574
100 _a9
101 _aMJE
245 _aSOCIAL SCIENCE AGRICULTURAL AGENDAS QND STRATEGIES
_cJOHNSON.G.L
942 _2udc
_cBK
999 _c38901
_d38901